000 02188nam a22003257a 4500
001 8511
003 FISKH
005 20250916163836.0
008 250916b cb ||||| |||| 00| 0 eng d
020 _a9789996301223
040 _aFISKH
_bkhr
_cFISKH
_dFISKH
050 _aPZ7
082 _a800
100 _aSeap, Kol
245 _aកូនចាំផ្ទះតែម្នាក់ឯង​ :
_bSon stays at home alone /
_cនិពន្ធដោយ អ្នកស្រី កុល សៀប
250 _aចេញផ្សាយខែមេសា​ ឆ្នាំ​២០១០
260 _aPhnom Penh :
_bReading Books ,
_c2010.
300 _a24 pages :
_bcolor illustrations ;
_c25 cm .
490 _aពិភពរឿងនិទាន
505 _aK
520 _aរឿងនិទាន “កូនប្រុសស្នាក់នៅផ្ទះម្នាក់ឯង” មានបំណងបង្ហាត់ឲ្យកុមារជាអ្នកក្លាហាន និងខិតខំប្រឹងប្រែង។ បន្ថែមពីនេះទៅទៀត រឿងនិទាននេះ ក៏ជួយឲ្យកុមារមានការប្តេជ្ញាចិត្តខ្ពស់ និងមានភាពឆ្លាតវៃក្នុងការធ្វើសេចក្ដីសម្រេច ដើម្បីដោះស្រាយបញ្ហាណាដែលពួកគេប្រឈមខណៈពេលស្នាក់នៅម្នាក់ឯង។
520 _aThe tale, "Son stays at home alone , "is intended to educate children to be brave and industrious. The tale, in addition, help children to be more committed and smart in making decision to deal with any problems they encounter when being left alone.
521 8 _a510
_bLexile estimate
521 8 _aK
_bRaz-Plus
650 _aកូនចាំផ្ទះតែម្នាក់ឯង​
_vរឿងនិទានកុមារ​
650 _aSon stays at home alone
_vChildren's story
700 _aBunthorn, Theak
_eIllustrator
942 _2ddc
_cBK
_n0
999 _c8511
_d8511